| 000 | 01916nam a2200409Ia 4500 | ||
|---|---|---|---|
| 001 | ebr10632291 | ||
| 003 | CaPaEBR | ||
| 006 | m u | ||
| 007 | cr cn||||||||| | ||
| 008 | 120917s2013 laub sb s001 0 eng d | ||
| 010 | _z 2012034237 | ||
| 020 | _z9780807150146 (cloth : alk. paper) | ||
| 020 | _z9780807150153 (pdf) | ||
| 020 | _z9780807150160 (epub) | ||
| 020 | _z9780807150177 (mobi) | ||
| 040 |
_aCaPaEBR _cCaPaEBR |
||
| 035 | _a(OCoLC)821216819 | ||
| 050 | 1 | 4 |
_aHQ146.N6 _bL36 2013eb |
| 100 | 1 |
_aLandau, Emily Epstein, _d1969- |
|
| 245 | 1 | 0 |
_aSpectacular wickedness _h[electronic resource] : _bsex, race, and memory in Storyville, New Orleans / _cEmily Epstein Landau. |
| 260 |
_aBaton Rouge : _bLouisiana State University Press, _cc2013. |
||
| 300 |
_axv, 310 p. : _bmap. |
||
| 504 | _aIncludes bibliographical references and index. | ||
| 533 |
_aElectronic reproduction. _bPalo Alto, Calif. : _cebrary, _d2013. _nAvailable via World Wide Web. _nAccess may be limited to ebrary affiliated libraries. |
||
| 650 | 0 |
_aRed-light districts _zLouisiana _zNew Orleans _xHistory _y20th century. |
|
| 650 | 0 |
_aProstitution _zLouisiana _zNew Orleans _xHistory _y20th century. |
|
| 650 | 0 |
_aBrothels _zLouisiana _zNew Orleans _xHistory _y20th century. |
|
| 650 | 0 |
_aPatriarchy _zLouisiana _zNew Orleans _xHistory _y20th century. |
|
| 650 | 0 |
_aMasculinity _xSocial aspects _zLouisiana _zNew Orleans _xHistory _y20th century. |
|
| 650 | 0 |
_aWhites _zLouisiana _zNew Orleans _xAttitudes _xHistory _y20th century. |
|
| 651 | 0 |
_aStoryville (New Orleans, La.) _xHistory _y20th century. |
|
| 651 | 0 |
_aNew Orleans (La.) _xRace relations _xHistory _y20th century. |
|
| 651 | 0 |
_aNew Orleans (La.) _xHistory _y20th century. |
|
| 655 | 7 |
_aElectronic books. _2local |
|
| 710 | 2 | _aebrary, Inc. | |
| 856 | 4 | 0 |
_uhttp://site.ebrary.com/lib/rucke/Doc?id=10632291 _zAn electronic book accessible through the World Wide Web; click to view |
| 999 |
_c52345 _d52345 |
||